| 000 | 00807nam0a22002531 4500 | ||
|---|---|---|---|
| 001 | rc\2779793 | ||
| 005 | 20250806202846.0 | ||
| 035 | _a(NLR Aleph) 006906034 | ||
| 090 |
_a33483 _c33483 |
||
| 100 | _a20110915d1942 u y0rusy50 ca | ||
| 101 | 0 | _arus | |
| 102 | _aRU | ||
| 105 | _aa z ||||| | ||
| 200 | 1 |
_aАвтомобили ГАЗ-АА и ЗИС-5 _eРегулировка _fМайор К. Ю. Поливанов |
|
| 210 |
_aМосква _cВоениздат _d1942 |
||
| 215 |
_a64 с. _cил. _d20 см. |
||
| 700 | 1 |
_aПоливанов _bК.Ю. _gКонстантин Юрьевич |
|
| 801 | 0 |
_aRU _bNLR _gpsbo |
|
| 801 | 1 |
_aRU _bELAR _2rusmarc |
|
| 852 |
_aNLR _j65-4/18326 |
||
| 942 | _cBOOK | ||
| 945 | _aРоссийская национальная библиотека | ||
| 980 | _aNB | ||
| 980 | _aBV | ||